| 000 | 00597nam a22002177a 4500 | ||
|---|---|---|---|
| 003 | OSt | ||
| 005 | 20150908083314.0 | ||
| 008 | 130604t xxu||||| |||| 00| 0 eng d | ||
| 020 | _aM 530 H49 1998 | ||
| 050 |
_aQC 23 _b.H611 1998 |
||
| 082 |
_aM 530 _bH49 1998 |
||
| 100 | _aHewitt, Paul G. | ||
| 245 |
_aConceptual physics / _cPaul G. Hewitt. |
||
| 250 | _a8th edition. | ||
| 260 |
_aReading, Massachusetts : _bAddison-Wesley, _c1998. |
||
| 300 |
_axxi, 739 pages. : _billustrations ; _c25 cm. |
||
| 526 | _ccollege students | ||
| 562 | _e1 | ||
| 942 |
_2lcc _cBK _kFOR |
||
| 999 |
_c16686 _d16686 |
||